| 000 | 00000nam 2200000za 4500 |
| 001 | 9.590223 |
| 003 | CaOODSP |
| 005 | 20221107134112 |
| 007 | cr ||||||||||| |
| 008 | 150406s1988 onc|||||o f00| 0 eng d |
| 020 | |a978-1-100-54784-8 |
| 040 | |aCaOODSP|beng |
| 041 | |aeng |
| 041 | |afre |
| 043 | |an-cn--- |
| 086 | 1 |aM86-11/1988-PDF |
| 245 | 00|aGazetteer of Canada. |pAlberta |h[electronic resource] = |bRépertoire géographique du Canada. Alberta / |cpublished for the Canadian Permanent Committee on Geographical Names by the Geographical Services Division, Canada Centre for Mapping, Department of Energy, Mines and Resources Canada. |
| 250 | |a3rd edition. |
| 260 | |aOttawa : |bCanada Centre for Mapping,|c1988. |
| 300 | |a95p.|bmaps, tables |
| 500 | |a"Digitized by Publishing and Depository Services, Public Works and Government Services Canada - 2014" |
| 546 | |aText in English and in French. |
| 590 | |a14-18-Supp|b2014-10-15 |
| 710 | 1 |aCanada.|bNatural Resources Canada. |bCanadian Permanent Committee on Geographical Names. |
| 792 | |tGazetteer of Canada. |efre|w(CaOODSP)9.590224 |
| 856 | 40|ahttp://publications.gc.ca|qPDF|s7.13 MB|uhttps://publications.gc.ca/collections/collection_2014/rncan-nrcan/M86-11-1988.pdf |